El Museo Canario (Record no. 79699)

MARC details
000 -LEADER
campo de control de longitud fija 00637nam a2200193 i 4500
001 - NÚMERO DE CONTROL
campo de control 79699
003 - IDENTIFICADOR DE NÚMERO DE CONTROL
campo de control ES-MaACL
005 - FECHA Y HORA DE LA ÚLTIMA TRANSACCIÓN
campo de control 20230906174031.0
007 - CAMPO FIJO DE DESCRIPCIÓN FÍSICA--INFORMACIÓN GENERAL
campo de control de longitud fija t|
008 - DATOS DE LONGITUD FIJA--INFORMACIÓN GENERAL
campo de control de longitud fija 041022q19801989sp ||||1| spa d
100 1# - ENTRADA PRINCIPAL--NOMBRE DE PERSONA
Nombre de persona Herrera Pique, Alfredo.
9 (RLIN) 63238
245 13 - MENCIÓN DEL TÍTULO
Título El Museo Canario
Resto del título : santuario de la prehistoria de Canarias /
Mención de responsabilidad, etc. Alfredo Herrera Piqué, Julio Cuenca Sanabria.
260 ## - PUBLICACIÓN, DISTRIBUCIÓN, ETC.
Lugar de publicación, distribución, etc. [Las Palmas] :
Nombre del editor, distribuidor, etc. La Caja de Canarias,
Fecha de publicación, distribución, etc. [198-?]
300 ## - DESCRIPCIÓN FÍSICA
Extensión [8] p. :
Otras características físicas il. ;
Dimensiones 30 cm.
500 ## - NOTA GENERAL
Nota general Datos sacados del texto.
610 04 - PUNTO DE ACCESO ADICIONAL DE MATERIA--NOMBRE DE ENTIDAD CORPORATIVA
Nombre de entidad corporativa o nombre de jurisdicción como elemento de entrada El Museo Canario.
9 (RLIN) 3455
700 1# - ENTRADA AGREGADA--NOMBRE PERSONAL
Nombre de persona Cuenca Sanabria, Julio.
9 (RLIN) 153241
852 ## - LOCALIZACIÓN
Ubicación ES-MaACL
Número de control de estantería 2324-F-12
Holdings
Estatus retirado Estado de pérdida Estado de daño No para préstamo Colección Biblioteca de origen Biblioteca actual Ubicación en estantería Fecha de adquisición Fuente de adquisición Total de préstamos Signatura topográfica completa Código de barras Visto por última vez Precio de reemplazo Tipo de ítem Koha
        Colección de folletos Biblioteca del Ateneo de Madrid Biblioteca del Ateneo de Madrid Depósito folletos 17/01/2008     2324-F-12 1083337 23/02/2023 23/02/2023 Folleto